| 000 | 02088cam a22004217a 4500 | ||
|---|---|---|---|
| 003 | CHAP | ||
| 005 | 20220329133345.0 | ||
| 008 | 971013s1991 r 00010 d | ||
| 010 | _a5392 | ||
| 011 | _a6364 | ||
| 035 | _a5584 | ||
| 040 | _cCHAP | ||
| 082 |
_a312.0972 _bM49c 1990 Jal. |
||
| 110 |
_aInstituto Nacional de Estadística, Geografía e Informática. México _959304 |
||
| 245 | 0 | _aCenso general de población y vivienda (11o.) 1990: Jalisco : resultados definitivos | |
| 260 |
_aAguascalientes, Ags. : _bEl Instituto, _c1991-19 . |
||
| 300 | _av. | ||
| 500 | _aLa biblioteca tiene: v.1-4 Resultados definitivos -- v.5 Integración territorial -- v.6 Datos por AGEB urbana -- v.7 Datos por AGEB urbana (164 mapas) -- v.8 Perfil sociodemográfico v.9 Síntesis de resultados | ||
| 590 |
_aBATCH-UPD _b10 _c20130110 _lUCH01 _h0207 |
||
| 590 |
_aBATCH-UPD _b10 _c20130110 _lUCH01 _h2123 |
||
| 590 |
_aBATCH-UPD _b10 _c20130410 _lUCH01 _h1432 |
||
| 590 |
_aBATCH-UPD _b10 _c20130914 _lUCH01 _h1822 |
||
| 590 |
_aCONVERSION _b10 _c20130109 _lUCH01 _h1304 |
||
| 650 | 1 | 4 |
_aMéxico _xCensos (1990) _976661 |
| 650 | 1 | 4 |
_aPoblación _xEstadísticas _zJalisco. _989383 |
| 650 | 1 | 4 |
_aVivienda _xJalisco. _9120133 |
| 901 | _aBK | ||
| 942 | _cLIBRO | ||
| 949 |
_a312.0972 M49c 1990 Jal. _bBC _cESP _d-77921 _eESP _fv.7 mapas _h84692 _i5584 _si |
||
| 949 |
_a312.0972 M49c 1990 Jal. _bBC _cINEGI _d33724000466603 _eINEGI _fv.8 _h84794 _i5584 _si |
||
| 949 |
_a312.0972 M49c 1990 Jal. _bBC _cINEGI _d33724000483061 _eINEGI _fv.1 _h82108 _i5584 _si |
||
| 949 |
_a312.0972 M49c 1990 Jal. _bBC _cINEGI _d33724000486361 _eINEGI _fv.9 _h88873 _i5584 _si |
||
| 949 |
_a312.0972 M49c 1990 Jal. _bBC _cINEGI _d33724000486478 _eINEGI _fv.6 _h84691 _i5584 _si |
||
| 949 |
_a312.0972 M49c 1990 Jal. _bBC _cINEGI _d33724000505467 _eINEGI _fv.2 _h82109 _i5584 _si |
||
| 949 |
_a312.0972 M49c 1990 Jal. _bBC _cINEGI _d33724000536470 _eINEGI _fv.5 _h82112 _i5584 _si |
||
| 949 |
_a312.0972 M49c 1990 Jal. _bBC _cINEGI _d33724000536595 _eINEGI _fv.4 _h82111 _i5584 _si |
||
| 949 |
_a312.0972 M49c 1990 Jal. _bBC _cINEGI _d33724000536603 _eINEGI _fv.3 _h82110 _i5584 _si |
||
| 999 |
_c5392 _d5392 |
||